000 00816nam a2200241Ii 4500
003 JO-AjNU
005 20250715111752.0
008 230605s9999||||xx |||||||||||||| ||und||
017 _a1993/4218
020 _a977-01-3350-7
040 _aJO-AjNU
_bara
_erda
_cJO-AjNU
041 _aara
050 1 4 _aPJ7521 1993
100 3 _aراغب، نبيل,
_eauthor
_918603
245 0 0 _aعزف على أوتار مشدودة دراسة في شعر سعاد الصباح
264 3 1 _aالقاهرة: الهيئة المصرية العامة للكتاب، 1993
300 _a362ص
336 _atext
_btxt
_2rdacontent
337 _aunmediated
_bn
_2rdamedia
338 _avolume
_bnc
_2rdacarrier
650 4 _aعزف على اوتار مشدودة-دراسة في شعر سعاد الصباح
_918604
942 _2lcc
_cBK
999 _c9549
_d9549